000 00635nam a2200241 i 4500
001 C2-0270062
003 PPAK
005 20180728000534.0
008 060809s2005 nyua|||| ||||| | eng d
020 _a0446694436
040 _aPPAK
_beng
_cPPAK
_erda
082 0 4 _a823
_223
090 0 0 _a823
_bPAT
_dG
100 1 _aPatterson, James,
_eauthor
245 1 0 _a4th of July
264 1 _aNew York :
_bWarner Books ,
_c2005
300 _a392 pages :
_bcolour illustrations ;
_c24 cm
336 _2rdacontent
_atext
337 _2rdamedia
_aunmediated
338 _2rdacarrier
_avolume
650 1 0 _aEnglish fiction
942 _ddc
_cB
999 _c78638
_d78638